Database system concepts (Record no. 489)

000 -LEADER
fixed length control field 00571nam a22002297a 4500
001 - CONTROL NUMBER
control field 489
003 - CONTROL NUMBER IDENTIFIER
control field BD-DhUET
008 - FIXED-LENGTH DATA ELEMENTS--GENERAL INFORMATION
fixed length control field 140722b xxu||||| |||| 00| 0 eng d
020 ## - INTERNATIONAL STANDARD BOOK NUMBER
International Standard Book Number 007124476X
040 ## - CATALOGING SOURCE
Transcribing agency 0
Modifying agency BD-DhUET
082 ## - DEWEY DECIMAL CLASSIFICATION NUMBER
Classification number 005.74
Item number SIL/2006
100 ## - MAIN ENTRY--PERSONAL NAME
Personal name Silberschatz, Abraham
245 ## - TITLE STATEMENT
Title Database system concepts
250 ## - EDITION STATEMENT
Edition statement 5th ed.
260 ## - PUBLICATION, DISTRIBUTION, ETC. (IMPRINT)
Place of publication, distribution, etc. Boston
Name of publisher, distributor, etc. McGraw-Hill
Date of publication, distribution, etc. 2006
300 ## - PHYSICAL DESCRIPTION
Extent xxvi,1142p.
Other physical details ill.
504 ## - BIBLIOGRAPHY, ETC. NOTE
Bibliography, etc Includes bibliographies
650 #0 - SUBJECT ADDED ENTRY--TOPICAL TERM
Topical term or geographic name as entry element Database management
700 ## - ADDED ENTRY--PERSONAL NAME
Personal name Korth, Henry F.
700 ## - ADDED ENTRY--PERSONAL NAME
Personal name Sudarshan, S.
942 ## - ADDED ENTRY ELEMENTS (KOHA)
Koha item type General Book
Holdings
Shelving location Koha full call number Koha normalized classification for sorting Price effective from Not for loan Koha date last seen Koha item type Koha renewals Damaged status Sublocation or collection (holding branch) Date acquired Copy number Koha issues (times borrowed) Location (home branch) Koha date last borrowed Source of classification or shelving scheme Lost status Piece designation (barcode) Withdrawn status
Circulation section007.74/SIL/2006007_000000000000000_74SIL20062014-07-22 2014-07-22General Book  Central Library, BUET2014-07-221 Central Library, BUET   103320 
Circulation section007.74/SIL/2006007_000000000000000_74SIL20062014-07-22 2016-12-24General Book2 Central Library, BUET2014-07-222 Central Library, BUET   103321 
Circulation section005.74 SIL/2006005_740000000000000_SIL20062014-08-25 2014-08-25General Book  Central Library, BUET2014-08-253 Central Library, BUET   103322 
Circulation section005.74/SIL/2006005_000000000000000_74SIL20062014-08-25 2021-12-18General Book  Central Library, BUET2014-08-2541Central Library, BUET2021-12-04  103323 
Circulation section005.74/SIL/2006005_000000000000000_74SIL20062014-08-25 2014-08-25General Book  Central Library, BUET2014-08-255 Central Library, BUET   103324 
Circulation section005.74/SIL/2006005_740000000000000_SIL_20062014-08-25 2014-08-25General Book  Central Library, BUET2014-08-256 Central Library, BUET   103325 
Circulation section005.74/SIL/2006005_740000000000000_SIL_20062014-08-25 2017-07-16General Book  Central Library, BUET2014-08-2571Central Library, BUET2017-07-01  103326 
Circulation section005.74/SIL/2006005_000000000000000_74SIL20062014-08-25 2014-08-25General Book  Central Library, BUET2014-08-258 Central Library, BUET   103327 
Circulation section005.74/SIL/2006005_000000000000000_74SIL20062014-08-25 2014-08-25General Book  Central Library, BUET2014-08-259 Central Library, BUET   103328 
Circulation section005.74/SIL/2006005_000000000000000_74SIL20062014-08-25 2014-08-25General Book  Central Library, BUET2014-08-2510 Central Library, BUET   103329 
Reading section005.74/SIL/2006005_740000000000000_SIL_20062015-06-09 2015-06-09Reading Item  Central Library, BUET2015-06-0911 Central Library, BUET   102172 
Reading section005.74/SIL/2006005_740000000000000_SIL_20062015-06-09 2015-06-09Reading Item  Central Library, BUET2015-06-0912 Central Library, BUET   102554